000 00444nam a22001697a 4500
003 OSt
005 20230826151630.0
008 230826b |||||||| |||| 00| 0 eng d
020 _a996636806X
040 _cChuka University Library
050 _aPL 8704
_b.S57C45 2013 V.1
100 _aChimerah,Rocha M.
245 _aSiri sirini:mshairi na mfungwa.
260 _aNairobi
_bLonghorn Publishers
_c2013
300 _a458p
942 _2lcc
_cBK
_n0
999 _c15326
_d15326